Welcome to the Holygrace Academy Library

Please use search bar below to get started

JUNIE B, FIRST GRADER (Record no. 2749)

MARC details
000 -LEADER
fixed length control field 00388nam a22001577a 4500
020 ## - INTERNATIONAL STANDARD BOOK NUMBER
ISBN 0-439-49864-3
082 ## - DEWEY DECIMAL CLASSIFICATION NUMBER
Classification number 823
Item number PAR/J
100 ## - MAIN ENTRY--AUTHOR NAME
Personal name PARK, BARBARA
245 ## - TITLE STATEMENT
Title JUNIE B, FIRST GRADER
Remainder of title BOSS OF LUNCH
246 ## - VARYING FORM OF TITLE
Title proper/short title JUNIE B, FIRST GRADER
Remainder of title BOSS OF LUNCH
260 ## - PUBLICATION, DISTRIBUTION, ETC. (IMPRINT)
Place of publication NEW YORK
Name of publisher SCHOLASTIC INC.
Year of publication 2002
300 ## - PHYSICAL DESCRIPTION
Number of Pages 77
520 ## - SUMMARY, ETC.
Summary, etc SHORT STORY
650 ## - SUBJECT ADDED ENTRY--TOPICAL TERM
Topical Term SHORT STORY
942 ## - ADDED ENTRY ELEMENTS (KOHA)
Koha item type Books
Holdings
Withdrawn status Lost status Collection code Home library Current library Shelving location Date acquired Source of acquisition Cost, normal purchase price Full call number Accession Number Koha item type
    Fiction Main Library Main Library SHELF 4-E RCHIE & ILLUSTRATED CLASSICS 25/09/2023 Purchase 40.00 823 PAR/J 06281 Books
    Fiction Main Library Main Library SHELF 4-E RCHIE & ILLUSTRATED CLASSICS 05/05/2009 Purchase   823 PAR/J 04447 Books